Top 50 NBA Players 2024-2025 - Statistics

General Stats
  • This quiz has been taken 273 times
  • The average score is 42 of 50
Answer Stats
Hint Answer % Correct
Nuggets Jokic
100%
Bucks Giannis
96%
Lakers Doncic
95%
Timberwolves Edwards
95%
Cavaliers Mitchell
94%
Celtics Tatum
94%
Knicks Brunson
93%
Lakers James
93%
Thunder Shai
93%
Celtics Brown
92%
Warriors Curry
92%
Suns Durant
92%
Pacers Haliburton
92%
Suns Booker
91%
Hornets Ball
90%
Pistons Cunningham
90%
Mavericks Davis
90%
76ers Embiid
90%
Grizzlies Morant
89%
Hawks Young
89%
Clippers Leonard
88%
Magic Banchero
87%
Clippers Harden
87%
Mavericks Irving
87%
Bucks Lillard
86%
76ers Maxey
86%
Nuggets Murray
86%
Spurs Fox
84%
Warriors Butler
83%
Kings Sabonis
83%
Knicks Towns
83%
Thunder Williams
83%
Heat Adebayo
82%
Timberwolves Gobert
81%
Thunder Holmgren
81%
Heat Herro
80%
Pacers Siakam
79%
Kings Lavine
77%
Celtics White
77%
Spurs Wembanyama
76%
Cavaliers Garland
75%
Cavaliers Mobley
75%
Pelicans Williamson
75%
Raptors Barnes
72%
Magic Wagner
71%
Celtics Porzingis
69%
Rockets Sengun
69%
Jazz Markkanen
65%
Wizards Poole
61%
Clippers Powell
45%
No matching quizzes found
Score Distribution
Percent of People with Each Score
Percentile by Number Answered
Your Score History
You have not taken this quiz